| 000 | 00483nam a2200181Ia 4500 | ||
|---|---|---|---|
| 003 | OSt | ||
| 005 | 20240404164338.0 | ||
| 008 | 210210b1960 xxu||||| |||| 00| 0 eng d | ||
| 040 | _cAL | ||
| 041 | _aKannada | ||
| 082 | _a856/111 | ||
| 100 |
_aVIVIDHA LEKHAKARU ವಿವಿಧ ಲೇಖಕರು _9158700 |
||
| 245 |
_aUdyana _bಉದ್ಯಾನ |
||
| 260 |
_aD.K _bVijaya Sahitya Male _c1960 |
||
| 690 |
_aKannada Miscellaneous _9158701 |
||
| 906 | _a020359 | ||
| 942 |
_2ddc _cBK |
||
| 999 |
_c144508 _d144508 |
||